[Event "Turkish Club Cup 2019"]
[Site "Konya"]
[Date "2019.07.16"]
[Round "1"]
[White "Karakilinc, Ali Kerem"]
[Black "Ince, Eray"]
[Result "0-1"]
[WhiteElo "1160"]
[BlackElo "1459"]
[Annotator "NA"]
[PlyCount "120"]
[EventDate "2019.07.16"]
[EventType "team-tourn"]
[EventCountry "TUR"]
[SourceTitle "playchess.com"]
[Source "ChessBase"]
[SourceQuality "1"]
[TimeControl "5400+30"]

1. e4 {[%emt 0:00:30]} d5 {[%emt 0:00:30]} 2. exd5 {[%emt 0:00:30]} Qxd5 {[%emt 0:00:00]} 3. Nc3 {[%emt 0:00:00]} Qd8 {[%emt 0:00:00]} 4. Nf3 {[%emt 0:00:00]} Nf6 {[%emt 0:00:00]} 5. d4 {[%emt 0:00:30]} Bg4 {[%emt 0:01:00]} 6. Be2 {[%emt 0:00:30]} e6 {[%emt 0:00:30]} 7. a3 {[%emt 0:01:30]} c6 {[%emt 0:01:30]} 8. Be3 {[%emt 0:01:30]} Bd6 {[%emt 0:01:30]} 9. Qd2 {[%emt 0:02:30]} Qc7 {[%emt 0:01:30]} 10. h3 {[%emt 0:03:30]} Bxf3 {[%emt 0:02:30]} 11. Bxf3 {[%emt 0:00:30]} Nbd7 {[%emt 0:00:30]} 12. Ne4 {[%emt 0:03:30]} Nxe4 {[%emt 0:00:30]} 13. Bxe4 {[%emt 0:00:30]} f5 {[%emt 0:00:30]} 14. Bd3 {[%emt 0:01:30]} f4 {[%emt 0:00:30]} 15. Qe2 {[%emt 0:00:00]} fxe3 {[%emt 0:02:30]} 16. Qh5+ {[%emt 0:00:00]} Kd8 {[%emt 0:01:30]} 17. Qg5+ {[%emt 0:01:30]} Nf6 {[%emt 0:00:30]} 18. fxe3 {[%emt 0:00:30]} h6 {[%emt 0:02:30]} 19. Qg6 {[%emt 0:00:30]} Qa5+ {[%emt 0:00:00]} 20. c3 {[%emt 0:01:30]} Qg5 {[%emt 0:00:00]} 21. Qxg5 {[%emt 0:01:30]} hxg5 {[%emt 0:00:30]} 22. O-O-O {[%emt 0:00:30]} Kc7 {[%emt 0:00:30]} 23. c4 {[%emt 0:01:30]} g4 {[%emt 0:03:30]} 24. hxg4 {[%emt 0:01:30]} Nxg4 {[%emt 0:00:00]} 25. c5 {[%emt 0:02:30]} Bg3 {[%emt 0:01:00]} 26. Rxh8 {[%emt 0:23:30]} Rxh8 {[%emt 0:00:30]} 27. Rf1 {[%emt 0:00:30]} Bf2 {[%emt 0:04:30]} 28. Kb1 {[%emt 0:00:30]} Rf8 {[%emt 0:00:30]} 29. e4 {[%emt 0:01:30]} Ne3 {[%emt 0:00:30]} 30. Rh1 {[%emt 0:01:30]} Nxg2 {[%emt 0:00:30]} 31. Rd1 {[%emt 0:00:30]} Bxd4 {[%emt 0:01:30]} 32. b4 {[%emt 0:00:30]} Rf2 {[%emt 0:01:30]} 33. Bc4 {[%emt 0:01:30]} e5 {[%emt 0:00:30]} 34. Rd3 {[%emt 0:03:30]} Ne3 {[%emt 0:00:00]} 35. Be6 {[%emt 0:00:30]} Rf1+ {[%emt 0:01:00]} 36. Ka2 {[%emt 0:00:30]} Ra1+ {[%emt 0:01:30]} 37. Kb3 {[%emt 0:00:30]} Rd1 {[%emt 0:01:30]} 38. Rxd1 {[%emt 0:00:30]} Nxd1 {[%emt 0:00:00]} 39. Kc2 {[%emt 0:00:30]} Nf2 {[%emt 0:00:00]} 40. Bf5 {[%emt 0:00:30]} Kd8 {[%emt 0:00:30]} 41. Kd2 {[%emt 0:00:30]} Ke7 {[%emt 0:00:30]} 42. a4 {[%emt 0:00:30]} Kf6 {[%emt 0:00:30]} 43. Bc8 {[%emt 0:00:30]} b6 {[%emt 0:00:30]} 44. cxb6 {[%emt 0:00:30]} axb6 {[%emt 0:00:00]} 45. Bb7 {[%emt 0:00:30]} c5 {[%emt 0:02:00]} 46. bxc5 {[%emt 0:00:30]} Bxc5 {[%emt 0:00:30]} 47. Ke2 {[%emt 0:00:30]} g5 {[%emt 0:00:30]} 48. Kf1 {[%emt 0:01:30]} g4 {[%emt 0:00:00]} 49. Kg2 {[%emt 0:00:00]} Kg5 {[%emt 0:01:00]} 50. Kg3 {[%emt 0:00:00]} Nd3 {[%emt 0:00:00]} 51. Ba6 {[%emt 0:01:30]} Nb2 {[%emt 0:00:00]} 52. Bc8 {[%emt 0:00:30]} Nxa4 {[%emt 0:01:30]} 53. Bxg4 {[%emt 0:00:30]} Nc3 {[%emt 0:00:00]} 54. Bf5 {[%emt 0:02:30]} Ne2+ {[%emt 0:01:00]} 55. Kg2 {[%emt 0:00:30]} Kf4 {[%emt 0:00:00]} 56. Bh7 {[%emt 0:02:30]} Nc3 {[%emt 0:00:00]} 57. Bf5 {[%emt 0:00:30]} Nxe4 {[%emt 0:00:30]} 58. Bxe4 {[%emt 0:00:30]} Kxe4 {[%emt 0:00:00]} 59. Kf1 {[%emt 0:00:30]} b5 {[%emt 0:00:00]} 60. Ke2 {[%emt 0:00:00]} b4 {[%emt 0:00:00]} 0-1

[Event "Turkish Club Cup 2019"]
[Site "Konya"]
[Date "2019.07.16"]
[Round "1"]
[White "Aslan, Elif Cagil"]
[Black "Turkoglu, Sila Eylul"]
[Result "1/2-1/2"]
[WhiteElo "1102"]
[BlackElo "1201"]
[Annotator "NA"]
[PlyCount "137"]
[EventDate "2019.07.16"]
[EventType "team-tourn"]
[EventCountry "TUR"]
[SourceTitle "playchess.com"]
[Source "ChessBase"]
[SourceQuality "1"]
[TimeControl "5400+30"]

1. e4 {[%emt 0:00:30]} e6 {[%emt 0:00:30]} 2. d4 {[%emt 0:00:30]} d5 {[%emt 0:00:30]} 3. Nd2 {[%emt 0:00:30]} dxe4 {[%emt 0:00:00]} 4. Nxe4 {[%emt 0:00:00]} Nd7 {[%emt 0:00:00]} 5. Nf3 {[%emt 0:00:00]} Ngf6 {[%emt 0:00:00]} 6. Nxf6+ {[%emt 0:00:00]} Nxf6 {[%emt 0:00:00]} 7. g3 {[%emt 0:00:00]} b6 {[%emt 0:00:30]} 8. Bb5+ {[%emt 0:00:30]} Bd7 {[%emt 0:01:30]} 9. a4 {[%emt 0:00:30]} a6 {[%emt 0:03:30]} 10. Be2 {[%emt 0:00:00]} Bc6 {[%emt 0:00:30]} 11. O-O {[%emt 0:02:00]} Bd6 {[%emt 0:03:30]} 12. Bd2 {[%emt 0:05:30]} O-O {[%emt 0:01:30]} 13. c4 {[%emt 0:03:30]} a5 {[%emt 0:15:30]} 14. Bd3 {[%emt 0:06:30]} Bb7 {[%emt 0:10:30]} 15. Bc3 {[%emt 0:06:30]} Ne4 {[%emt 0:06:30]} 16. Bxe4 {[%emt 0:13:30]} Bxe4 {[%emt 0:00:00]} 17. d5 {[%emt 0:02:30]} exd5 {[%emt 0:01:00]} 18. Qd4 {[%emt 0:06:30]} Qf6 {[%emt 0:00:30]} 19. Qxe4 {[%emt 0:11:30]} dxe4 {[%emt 0:23:30]} 20. Bxf6 {[%emt 0:00:00]} exf3 {[%emt 0:10:50]} 21. Bc3 {[%emt 0:01:00]} Rfe8 {[%emt 0:00:10]} 22. Rfe1 {[%emt 0:00:30]} f5 {[%emt 0:02:12]} 23. Re3 {[%emt 0:03:30]} Rxe3 {[%emt 0:01:20]} 24. fxe3 {[%emt 0:00:00]} g5 {[%emt 0:00:39]} 25. Kf2 {[%emt 0:00:00]} g4 {[%emt 0:00:10]} 26. h3 {[%emt 0:02:30]} h5 {[%emt 0:01:56]} 27. hxg4 {[%emt 0:00:30]} hxg4 {[%emt 0:00:31]} 28. Rh1 {[%emt 0:01:30]} Rf8 {[%emt 0:01:58]} 29. Re1 {[%emt 0:02:30]} Re8 {[%emt 0:02:32]} 30. Rh1 {[%emt 0:01:30]} Be5 {[%emt 0:10:54]} 31. Bxe5 {[%emt 0:01:30]} Rxe5 {[%emt 0:00:01]} 32. Rd1 {[%emt 0:00:30]} Re7 {[%emt 0:00:41]} 33. Rd5 {[%emt 0:00:30]} Rf7 {[%emt 0:00:21]} 34. c5 {[%emt 0:00:30]} Kg7 {[%emt 0:00:23]} 35. cxb6 {[%emt 0:01:30]} cxb6 {[%emt 0:00:21]} 36. Rb5 {[%emt 0:00:30]} Rf6 {[%emt 0:00:42]} 37. Rd5 {[%emt 0:01:30]} Kf7 {[%emt 0:00:15]} 38. Re5 {[%emt 0:01:30]} Kg6 {[%emt 0:01:57]} 39. Rd5 {[%emt 0:02:30]} Rc6 {[%emt 0:00:15]} 40. Rd2 {[%emt 0:01:30]} Kf6 {[%emt 0:00:11]} 41. b3 {[%emt 0:00:30]} Ke6 {[%emt 0:00:58]} 42. Rb2 {[%emt 0:01:30]} Kd5 {[%emt 0:01:18]} 43. Rd2+ {[%emt 0:00:00]} Kc5 {[%emt 0:00:23]} 44. Rc2+ {[%emt 0:00:00]} Kd5 {[%emt 0:00:30]} 45. Rd2+ {[%emt 0:00:30]} Ke6 {[%emt 0:00:02]} 46. Rb2 {[%emt 0:00:00]} Kd7 {[%emt 0:00:00]} 47. Rd2+ {[%emt 0:00:00]} Kc7 {[%emt 0:00:06]} 48. Rb2 {[%emt 0:00:30]} Rc3 {[%emt 0:00:17]} 49. b4 {[%emt 0:00:30]} axb4 {[%emt 0:00:50]} 50. Rxb4 {[%emt 0:00:30]} Kc6 {[%emt 0:00:09]} 51. Rb2 {[%emt 0:00:30]} Rc5 {[%emt 0:00:54]} 52. Rd2 {[%emt 0:00:30]} Rc4 {[%emt 0:00:29]} 53. Ra2 {[%emt 0:00:00]} Rc5 {[%emt 0:00:46]} 54. Rd2 {[%emt 0:00:00]} Kb7 {[%emt 0:00:00]} 55. Rd7+ {[%emt 0:00:30]} Ka6 {[%emt 0:00:00]} 56. Rd2 {[%emt 0:00:30]} Ka5 {[%emt 0:00:00]} 57. Rb2 {[%emt 0:00:30]} Rd5 {[%emt 0:00:38]} 58. Ke1 {[%emt 0:00:30]} b5 {[%emt 0:02:59]} 59. axb5 {[%emt 0:00:30]} Rxb5 {[%emt 0:00:30]} 60. Rd2 {[%emt 0:00:30]} Re5 {[%emt 0:00:27]} 61. Kf2 {[%emt 0:00:30]} Kb4 {[%emt 0:00:14]} 62. Rd1 {[%emt 0:00:30]} Re8 {[%emt 0:00:46]} 63. Rd5 {[%emt 0:01:30]} Rf8 {[%emt 0:00:03]} 64. Rd2 {[%emt 0:00:30]} Kc5 {[%emt 0:00:53]} 65. Rd4 {[%emt 0:00:00]} Rf6 {[%emt 0:00:33]} 66. Rf4 {[%emt 0:00:00]} Kd6 {[%emt 0:00:45]} 67. e4 {[%emt 0:01:30]} Ke5 {[%emt 0:00:25]} 68. exf5 {[%emt 0:00:30]} Rxf5 {[%emt 0:00:18]} 69. Rxg4 {[%emt 0:00:30]} 1/2-1/2

[Event "Turkish Club Cup 2019"]
[Site "Konya"]
[Date "2019.07.16"]
[Round "1"]
[White "Karaca, Doruk"]
[Black "Vursan, Emre Can"]
[Result "1/2-1/2"]
[WhiteElo "1096"]
[BlackElo "1714"]
[Annotator "NA"]
[PlyCount "101"]
[EventDate "2019.07.16"]
[EventType "team-tourn"]
[EventCountry "TUR"]
[SourceTitle "playchess.com"]
[Source "ChessBase"]
[SourceQuality "1"]
[TimeControl "5400+30"]

1. d4 {[%emt 0:00:30]} d5 {[%emt 0:00:30]} 2. e3 {[%emt 0:00:00]} Nc6 {[%emt 0:00:30]} 3. Nf3 {[%emt 0:00:00]} Bg4 {[%emt 0:00:30]} 4. Be2 {[%emt 0:00:30]} e6 {[%emt 0:00:30]} 5. c4 {[%emt 0:02:30]} dxc4 {[%emt 0:09:30]} 6. Nc3 {[%emt 0:01:30]} Nf6 {[%emt 0:01:30]} 7. h3 {[%emt 0:01:30]} Bh5 {[%emt 0:00:30]} 8. Bd2 {[%emt 0:07:30]} Bb4 {[%emt 0:11:30]} 9. Rc1 {[%emt 0:07:30]} Bxc3 {[%emt 0:02:30]} 10. Rxc3 {[%emt 0:01:30]} O-O {[%emt 0:06:30]} 11. O-O {[%emt 0:01:30]} Ne7 {[%emt 0:13:30]} 12. Rxc4 {[%emt 0:00:30]} Ned5 {[%emt 0:05:30]} 13. Qb3 {[%emt 0:02:30]} Ne4 {[%emt 0:05:30]} 14. Bb4 {[%emt 0:01:30]} Re8 {[%emt 0:06:30]} 15. Rfc1 {[%emt 0:00:30]} a5 {[%emt 0:00:30]} 16. Be1 {[%emt 0:01:30]} Qe7 {[%emt 0:10:30]} 17. R4c2 {[%emt 0:10:30]} c6 {[%emt 0:06:00]} 18. a3 {[%emt 0:12:30]} a4 {[%emt 0:00:43]} 19. Qc4 {[%emt 0:01:30]} Nd6 {[%emt 0:01:12]} 20. Qa2 {[%emt 0:00:30]} Bg6 {[%emt 0:05:40]} 21. Rd2 {[%emt 0:01:30]} Be4 {[%emt 0:05:01]} 22. Rdd1 {[%emt 0:02:30]} Nb6 {[%emt 0:02:09]} 23. Bb4 {[%emt 0:01:30]} Nd5 {[%emt 0:02:34]} 24. Rd2 {[%emt 0:02:30]} Nxb4 {[%emt 0:00:46]} 25. axb4 {[%emt 0:00:30]} Bd5 {[%emt 0:01:18]} 26. Qb1 {[%emt 0:00:30]} Ne4 {[%emt 0:00:23]} 27. Rdd1 {[%emt 0:00:30]} Qxb4 {[%emt 0:00:27]} 28. Bd3 {[%emt 0:02:30]} Nf6 {[%emt 0:00:02]} 29. Ne5 {[%emt 0:02:30]} Qe7 {[%emt 0:01:13]} 30. Bc4 {[%emt 0:01:30]} Nd7 {[%emt 0:00:56]} 31. Bxd5 {[%emt 0:01:30]} exd5 {[%emt 0:00:05]} 32. Nxd7 {[%emt 0:00:30]} Qxd7 {[%emt 0:00:01]} 33. b3 {[%emt 0:00:00]} a3 {[%emt 0:00:30]} 34. Rd2 {[%emt 0:00:00]} Qe7 {[%emt 0:00:37]} 35. Rc5 {[%emt 0:00:30]} Ra6 {[%emt 0:00:48]} 36. Ra2 {[%emt 0:00:30]} Qe4 {[%emt 0:00:36]} 37. Qxe4 {[%emt 0:00:30]} Rxe4 {[%emt 0:00:13]} 38. Rc1 {[%emt 0:00:30]} Re8 {[%emt 0:00:44]} 39. Rca1 {[%emt 0:00:30]} Rea8 {[%emt 0:00:09]} 40. Kf1 {[%emt 0:00:30]} Kf8 {[%emt 0:00:24]} 41. Ke2 {[%emt 0:00:30]} Ke7 {[%emt 0:00:00]} 42. Kd3 {[%emt 0:00:00]} Kd6 {[%emt 0:00:00]} 43. b4 {[%emt 0:00:00]} Kc7 {[%emt 0:01:31]} 44. Kc3 {[%emt 0:01:30]} Kb6 {[%emt 0:00:02]} 45. Kb3 {[%emt 0:00:30]} Kb5 {[%emt 0:00:04]} 46. Rc1 {[%emt 0:01:30]} b6 {[%emt 0:00:54]} 47. Rb1 {[%emt 0:00:00]} Ra4 {[%emt 0:00:56]} 48. Kc3 {[%emt 0:01:00]} f5 {[%emt 0:00:08]} 49. Rb3 {[%emt 0:01:30]} g5 {[%emt 0:00:33]} 50. f3 {[%emt 0:00:30]} Re8 {[%emt 0:00:26]} 51. Kd2 {[%emt 0:01:30]} 1/2-1/2

[Event "Turkish Club Cup 2019"]
[Site "Konya"]
[Date "2019.07.16"]
[Round "1"]
[White "Tasdelen, Asuman Betul"]
[Black "Yalcin, Nehir"]
[Result "1/2-1/2"]
[WhiteElo "1050"]
[BlackElo "1392"]
[Annotator "NA"]
[PlyCount "116"]
[EventDate "2019.07.16"]
[EventType "team-tourn"]
[EventCountry "TUR"]
[SourceTitle "playchess.com"]
[Source "ChessBase"]
[SourceQuality "1"]
[TimeControl "5400+30"]

1. Nf3 {[%emt 0:00:30]} Nf6 {[%emt 0:00:30]} 2. g3 {[%emt 0:00:00]} g6 {[%emt 0:00:00]} 3. Bg2 {[%emt 0:00:00]} d6 {[%emt 0:00:00]} 4. O-O {[%emt 0:00:00]} Bg7 {[%emt 0:00:30]} 5. d3 {[%emt 0:00:00]} Nbd7 {[%emt 0:01:30]} 6. e4 {[%emt 0:00:30]} O-O {[%emt 0:00:30]} 7. Nbd2 {[%emt 0:00:30]} c5 {[%emt 0:00:30]} 8. b3 {[%emt 0:00:30]} Nxe4 {[%emt 0:03:30]} 9. Nxe4 {[%emt 0:00:00]} Bxa1 {[%emt 0:00:30]} 10. c3 {[%emt 0:12:00]} d5 {[%emt 0:04:30]} 11. Nxc5 {[%emt 0:12:30]} Nxc5 {[%emt 0:01:30]} 12. Be3 {[%emt 0:00:30]} Bxc3 {[%emt 0:00:30]} 13. Bxc5 {[%emt 0:00:30]} Bg7 {[%emt 0:00:30]} 14. Re1 {[%emt 0:00:30]} Re8 {[%emt 0:03:30]} 15. Bd4 {[%emt 0:02:30]} Bg4 {[%emt 0:02:30]} 16. Bxg7 {[%emt 0:01:30]} Kxg7 {[%emt 0:04:30]} 17. Qa1+ {[%emt 0:00:30]} Kg8 {[%emt 0:00:00]} 18. Ne5 {[%emt 0:01:30]} Bf5 {[%emt 0:01:00]} 19. Rd1 {[%emt 0:00:30]} Qd6 {[%emt 0:02:30]} 20. Qd4 {[%emt 0:04:30]} Red8 {[%emt 0:02:30]} 21. Bf3 {[%emt 0:01:30]} a6 {[%emt 0:02:30]} 22. Bg4 {[%emt 0:01:30]} Qf6 {[%emt 0:03:30]} 23. Bxf5 {[%emt 0:01:30]} Qxf5 {[%emt 0:01:30]} 24. Ng4 {[%emt 0:01:30]} Qh5 {[%emt 0:00:30]} 25. Re1 {[%emt 0:00:30]} Rac8 {[%emt 0:11:30]} 26. h4 {[%emt 0:01:30]} Rc7 {[%emt 0:17:30]} 27. Rxe7 {[%emt 0:02:30]} Qxg4 {[%emt 0:00:30]} 28. Qxg4 {[%emt 0:02:30]} Rxe7 {[%emt 0:00:00]} 29. Qg5 {[%emt 0:00:30]} Rdd7 {[%emt 0:00:00]} 30. h5 {[%emt 0:01:30]} Re6 {[%emt 0:02:30]} 31. h6 {[%emt 0:01:30]} f6 {[%emt 0:00:30]} 32. Qc1 {[%emt 0:00:30]} Rc6 {[%emt 0:00:30]} 33. Qe3 {[%emt 0:00:30]} Kf7 {[%emt 0:00:30]} 34. Qf4 {[%emt 0:02:30]} d4 {[%emt 0:04:30]} 35. Qb8 {[%emt 0:01:30]} Rcc7 {[%emt 0:01:30]} 36. Qh8 {[%emt 0:00:30]} Ke6 {[%emt 0:00:30]} 37. Qe8+ {[%emt 0:00:30]} Re7 {[%emt 0:01:30]} 38. Qg8+ {[%emt 0:00:30]} Kd6 {[%emt 0:01:30]} 39. Qd8+ {[%emt 0:00:30]} Kc5 {[%emt 0:00:30]} 40. Qf8 {[%emt 0:01:30]} f5 {[%emt 0:01:30]} 41. Qf6 {[%emt 0:00:30]} Red7 {[%emt 0:00:30]} 42. Qf8+ {[%emt 0:00:30]} Kb6 {[%emt 0:00:30]} 43. Qf6+ {[%emt 0:01:30]} Ka7 {[%emt 0:00:30]} 44. Qe5 {[%emt 0:00:30]} Rc3 {[%emt 0:00:30]} 45. Qe2 {[%emt 0:06:30]} Rcc7 {[%emt 0:01:30]} 46. g4 {[%emt 0:00:30]} fxg4 {[%emt 0:02:30]} 47. Qxg4 {[%emt 0:00:30]} Rd5 {[%emt 0:00:30]} 48. Qe4 {[%emt 0:00:30]} Rcd7 {[%emt 0:00:30]} 49. Kf1 {[%emt 0:01:30]} Rh5 {[%emt 0:01:30]} 50. Qe6 {[%emt 0:00:30]} Rhd5 {[%emt 0:00:30]} 51. Qe4 {[%emt 0:01:30]} Rc5 {[%emt 0:01:30]} 52. Qe6 {[%emt 0:00:30]} Rcc7 {[%emt 0:00:00]} 53. Qe4 {[%emt 0:01:30]} Rc6 {[%emt 0:02:14]} 54. Qe8 {[%emt 0:00:30]} Rcd6 {[%emt 0:00:22]} 55. Qe2 {[%emt 0:00:30]} Rf6 {[%emt 0:00:27]} 56. Qe5 {[%emt 0:01:30]} Rf5 {[%emt 0:00:27]} 57. Qe4 {[%emt 0:00:30]} Ra5 {[%emt 0:01:20]} 58. Qe6 {[%emt 0:00:30]} Rad5 {[%emt 0:00:31]} 1/2-1/2

[Event "Turkish Club Cup 2019"]
[Site "Konya"]
[Date "2019.07.16"]
[Round "2"]
[White "Kinsiz, Onur"]
[Black "Ozkale, Can Barkin"]
[Result "1/2-1/2"]
[WhiteElo "2210"]
[BlackElo "1729"]
[Annotator "TA"]
[PlyCount "110"]
[EventDate "2019.07.16"]
[EventType "team-tourn"]
[EventCountry "TUR"]
[SourceTitle "playchess.com"]
[Source "ChessBase"]
[SourceQuality "1"]

{[%evp 23,110,42,40,35,41,53,100,42,66,58,53,66,76,82,75,32,25,23,29,12,18,-9,12,5,60,39,97,0,0,-26,-35,-58,-39,-119,-99,-123,-22,-33,-34,-52,38,37,107,106,121,101,145,157,205,177,191,172,169,8,8,8,8,-13,0,0,0,0,0,0,0,0,0,0,0,0,7,0,0,0,0,0,0,0,0,0,0,0,0,0,0,0,0,0,0]} 1. e4 e6 2. d4 d5 3. Nd2 Nf6 4. e5 Nfd7 5. Bd3 c5 6. c3 Nc6 7. Ne2 cxd4 8. cxd4 f6 9. exf6 Nxf6 10. Nf3 Bd6 11. O-O Qc7 12. h3 O-O 13. Be3 {C06: French Tarrasch: 3...Nf6 4 e5 Nfd7 5 Bd3 main lines} Nh5 (13... Bd7 14. Re1 Be8 15. Ng5 Bf7 16. Rc1 Kh8 17. a3 Bg8 18. b4 a6 19. g3 h6 20. Nf4 Bxf4 21. Bxf4 {1-0 (38) Navara,D (2729)-Michiels,B (2563) Wijk aan Zee 2015}) 14. Nc3 a6 15. Re1 ({White should play} 15. Bxh7+ $16 Kxh7 16. Ng5+ {[%mdl 64] Discovered Attack} Kg6 17. Qd3+ Kf6 18. Qh7) 15... h6 $146 ({Predecessor:} 15... Qf7 16. Ng5 Qe8 17. Bxh7+ Kh8 18. Bc2 g6 19. Qd3 Kg7 20. a3 Bd7 21. Bd2 Nf4 22. Bxf4 Rxf4 {0-1 (38) Thelen,A-Buescher,A (2043) playchess.com INT 2004}) 16. Rc1 Nf4 17. Bb1 Qf7 18. Bxf4 Bxf4 19. Qd3 {[%csl Gb1][%cal Rd3h7] [#]} g5 $1 20. Rcd1 Bd7 21. a3 Rae8 22. Re2 Ne7 23. Rde1 Qf5 (23... Nf5 $11) 24. Qd1 (24. Nxd5 $5 Nxd5 25. Qxf5 exf5 26. Ba2 $14) 24... Qf6 (24... Qf7 $14) 25. Qd3 (25. Na4 $16) 25... Rf7 26. b3 Ref8 27. a4 h5 (27... g4 $5 28. hxg4 Qg7 $15) 28. Kh1 (28. Ne5 $15 Bxe5 29. dxe5) 28... Qh6 29. Nd1 Nf5 (29... g4 $17 30. Ne5 Bxe5 31. dxe5 Nf5) 30. Ne5 $11 Bxe5 $1 31. Rxe5 Nh4 (31... g4 $1 $15) 32. Qg3 $36 {[%mdl 2048] White has some pressure.} Nf5 ({Black should try} 32... Rg7 $1 $14) 33. Bxf5 $1 $16 Rxf5 34. Nb2 g4 35. Nd3 Rxe5 36. Nxe5 Bc6 37. Kg1 Qf4 38. Qh4 $2 ({Better is} 38. hxg4 $18 Qxg3 39. fxg3) 38... gxh3 $11 {The position is equal.} 39. Qxf4 Rxf4 40. gxh3 Rxd4 41. Nxc6 bxc6 42. Rxe6 {[%mdl 4096] Endgame KR-KR} Rd1+ 43. Kg2 Rc1 44. Re7 d4 45. Rd7 c5 46. h4 Rc3 47. Rc7 Kf8 48. Kf1 d3 {[#] White must now prevent ...Rc1+.} 49. Ke1 Rxb3 50. Rxc5 Rb4 51. Rxh5 Rxa4 52. Rf5+ Kg7 53. Kd2 Rxh4 54. Kxd3 Rh1 55. Ra5 Rh6 {Accuracy: White = 46%, Black = 43%.} 1/2-1/2

[Event "Turkish Club Cup 2019"]
[Site "Konya"]
[Date "2019.07.17"]
[Round "2"]
[White "Dogan, Ali Ekber"]
[Black "Peker, Serdar"]
[Result "1-0"]
[WhiteElo "2200"]
[BlackElo "1797"]
[Annotator "TA"]
[PlyCount "93"]
[EventDate "2019.07.16"]
[EventType "team-tourn"]
[EventCountry "TUR"]
[SourceTitle "playchess.com"]
[Source "ChessBase"]
[SourceQuality "1"]

{[%evp 14,93,29,29,31,28,37,27,27,31,27,0,4,-8,-5,0,0,-9,0,0,0,-11,14,20,20,22,19,18,15,0,0,-11,-11,-16,-12,-8,-10,-14,-5,-23,-20,-57,-12,-23,-3,-3,-6,-15,-18,-25,0,0,0,0,7,0,0,0,0,0,7,6,50,38,110,105,110,109,104,106,162,156,166,128,172,172,297,154,29992,29993,29993,29994]} 1. d4 d5 2. c4 c6 3. Nf3 Nf6 4. e3 e6 5. b3 Nbd7 6. Bd3 Be7 7. O-O O-O 8. Nbd2 Re8 {D30: Queen's Gambit Declined: Systems without Nc3} (8... b6 9. e4 dxe4 10. Nxe4 Nxe4 11. Bxe4 Bb7 12. Qe2 Nf6 13. Bc2 c5 14. dxc5 Bxc5 15. Bb2 Qe7 16. Ng5 h6 17. Bxf6 gxf6 18. Ne4 f5 19. Nxc5 Qxc5 20. Qd2 Kg7 21. Qc3+ Kh7 {½-½ (61) Banikas,H (2601)-Lobanov,S (2526) Skopje 2018}) 9. Bb2 b6 10. Ne5 Nxe5 {White has an edge.} 11. dxe5 Nd7 $1 12. cxd5 $146 ({Predecessor:} 12. Qc2 h6 13. f4 Nc5 14. Be2 Rf8 15. b4 Na6 16. a3 {1-0 (49) Winslow,E (2222)-Sherwood,P (1736) San Francisco 2017}) 12... cxd5 13. Nf3 (13. Qg4 {keeps more tension.} Nc5 14. Bb5 Bd7 15. Be2 a5 16. Bd4) 13... Nc5 14. Bb5 Bd7 15. Be2 Rc8 16. Nd4 Qc7 17. Nb5 Bxb5 (17... Qb8 {feels hotter.} 18. f4 Qb7 19. Nd4 b5 20. a3 a5) 18. Bxb5 Red8 19. b4 a6 20. Be2 Nd7 21. Rc1 Qb7 22. Qd2 b5 23. Bd4 Nb6 24. Bxb6 Qxb6 25. a3 Qb8 26. Qd4 Rd7 27. Ra1 Rdc7 28. a4 Rb7 29. axb5 axb5 30. Ra6 g6 31. Rfa1 Kg7 32. g3 Qc7 33. Ra7 Rcb8 34. Kg2 f6 35. f4 fxe5 36. fxe5 Qc2 37. R1a2 Qb3 38. Bg4 $36 {[%mdl 2048] White has some pressure.} Qxb4 ({Better is} 38... Qc4 $14) 39. Bxe6 $16 Bc5 40. Qxb4 Bxb4 41. Bxd5 Rxa7 (41... Re7 $16 {was worth a try.}) 42. Rxa7+ {KRB-KRB} Kh6 43. Kf3 Bc5 44. Rc7 Bf8 (44... Bb6 {is a better defense.} 45. Rf7 Rd8) 45. h4 ({White should try} 45. Bc6 $18) 45... b4 $2 {[#]} (45... Re8 $16 46. Kf4 Re7) 46. g4 g5 47. Be4 {Accuracy: White = 43%, Black = 49%.} 1-0

[Event "Turkish Club Cup 2019"]
[Site "Konya"]
[Date "2019.07.16"]
[Round "2"]
[White "Ersahin, Bulent"]
[Black "Turan, Seyithan"]
[Result "1-0"]
[WhiteElo "2179"]
[BlackElo "1705"]
[Annotator "TA"]
[PlyCount "103"]
[EventDate "2019.07.16"]
[EventType "team-tourn"]
[EventCountry "TUR"]
[SourceTitle "playchess.com"]
[Source "ChessBase"]
[SourceQuality "1"]

{[%evp 15,103,8,31,0,0,0,20,0,0,0,0,0,0,-5,-5,-7,-7,-6,-5,-9,-8,-16,-16,-16,-16,-8,-7,-16,-18,-22,0,0,7,0,0,0,0,0,0,0,0,-57,-74,-64,-67,-94,-77,-78,0,0,0,0,0,0,0,0,0,0,0,0,0,0,0,0,0,0,0,0,0,0,99,104,220,0,0,0,3151,955,29981,29982,29982,29978,29985,29986,29986,29987,29988,29989,29989,29990]} 1. Nf3 c5 2. g3 d5 3. Bg2 Nc6 4. d4 Nf6 5. O-O e6 6. c4 dxc4 7. Na3 cxd4 8. Nxc4 Be7 9. Bf4 {E04: Open Catalan: 5 Nf3} (9. b3 {with more complications.} Bc5 10. Bb2 O-O 11. Rc1 Re8 12. a4) (9. Qc2 d3 10. exd3 O-O 11. d4 Bd7 12. Qb3 Nb4 13. Nfe5 Bc6 14. Nxc6 bxc6 15. Rd1 Rb8 16. Qa4 Nbd5 {½-½ (42) Ponkratov,P (2630)-Yu,Y (2764) St Petersburg 2018}) 9... Nd5 10. Nxd4 Nxf4 11. Nxc6 $146 {The position is equal.} ({Predecessor:} 11. Bxc6+ bxc6 12. gxf4 Bb7 13. Ne5 Qb6 14. Nxe6 Bc8 15. Nxg7+ Kf8 16. Nh5 Qxb2 17. Nxc6 {1-0 (24) Margvelashvili,G (2556)-Shetty,A (2346) Rockville 2014}) 11... Qxd1 12. Rfxd1 Nxg2 13. Nxe7 Kxe7 14. Kxg2 f6 15. Rac1 Bd7 16. f3 Rac8 17. e4 Rhd8 18. Kf2 Bb5 {[#] White must now prevent ...Rxd1.} 19. Rxd8 Rxd8 $11 {[%mdl 4096] Endgame KRB-KRN} 20. Ke3 Rc8 21. b3 Bxc4 22. bxc4 {KR-KR} Kd6 23. Rd1+ Kc6 24. f4 Rc7 25. Rd8 Kc5 26. Re8 Kxc4 27. Rxe6 Rd7 28. Re8 (28. Kf3 $11) 28... Rd3+ $15 29. Ke2 {Threatens to win with Rc8+.} Ra3 30. Re7 b5 31. Rxg7 Kd4 (31... a5 $17 32. Rc7+ Kd4) 32. Rxh7 $11 Kxe4 33. Re7+ Kf5 34. Rb7 Rxa2+ 35. Kf3 Ra3+ 36. Kg2 a6 37. h4 Kg4 38. Rg7+ Kh5 39. Kh3 b4 40. f5 {[%cal Rg7h7]} Kh6 41. Rg6+ Kh7 $1 42. Rxf6 a5 (42... Ra5 $1 $11 43. Rb6 Rb5 44. Rxa6 (44. Rxb5 $2 axb5 45. g4 b3 $19) 44... b3) 43. Rb6 $16 b3 {[#]} (43... Rb3 $16) 44. h5 $2 ({White must play} 44. f6 $1 $18) 44... a4 $1 $11 45. Kh4 {And now Rb7+ would win.} Ra2 $2 {[%mdl 8192]} (45... Ra1 $11) 46. g4 (46. Kg5 $142 Rg2 47. g4) 46... Rf2 47. Rb7+ {White mates.} Kg8 48. Kg5 b2 49. Kg6 {[%cal Rb7b8]} Kf8 50. h6 a3 51. f6 {[%cal Rb7b8]} Ke8 52. h7 {Accuracy: White = 61%, Black = 65%.} 1-0